[Event "DVM U20 2010"]
[Site "Osnabrück GER"]
[Date "2010.12.29"]
[Round "6"]
[White "Kyas, Marcel"]
[Black "Ohme, Melanie"]
[Result "1/2-1/2"]
[Termination "normal"]
[Board "1.1"]
[BlackTitle "WIM"]
[WhiteElo "2129"]
[BlackElo "2311"]
[WhiteTeam "SVG Salzgitter"]
[BlackTeam "SC Leipzig-Gohlis"]
[PlyCount "48"]
[WhiteFideId "24642037"]
[BlackFideId "4690745"]
[EventCountry "GER"]
[EventRounds "7"]
[EventType "team-swiss"]
[EventDate "2010.12.26"]

1. d4 Nf6 2. c4 c5 3. d5 b5 4. cxb5 a6 5. bxa6 Bxa6 6. Nc3 g6 7. g3 d6 8. Bg2
Bg7 9. Nf3 O-O 10. O-O Nbd7 11. Rb1 Ng4 12. Qc2 Qa5 13. Bd2 Nge5 14. Nxe5 Nxe5
15. b3 Rfb8 16. a4 Qc7 17. Rfe1 Rb6 18. a5 Rb7 19. Na4 Nd7 20. Nb2 Rab8 21. Nc4
Rb5 22. Na3 R5b7 23. Nc4 Ne5 24. Nb6 Nd7 1/2-1/2

[Event "DVM U20 2010"]
[Site "Osnabrück GER"]
[Date "2010.12.29"]
[Round "6"]
[White "Meißner, Felix"]
[Black "Tennert, Simon"]
[Result "1-0"]
[Termination "normal"]
[Board "1.2"]
[WhiteElo "2198"]
[BlackElo "2025"]
[WhiteTeam "SC Leipzig-Gohlis"]
[BlackTeam "SVG Salzgitter"]
[PlyCount "99"]
[WhiteFideId "24671827"]
[BlackFideId "1270445"]
[EventCountry "GER"]
[EventRounds "7"]
[EventType "team-swiss"]
[EventDate "2010.12.26"]

1. e4 c5 2. Nf3 e6 3. d4 cxd4 4. Nxd4 Nc6 5. Nb5 d6 6. c4 a6 7. N5a3 b6 8. Nc3
Nf6 9. Be3 Be7 10. Be2 O-O 11. O-O Bb7 12. f3 Qc7 13. Rc1 Rfd8 14. Nd5 exd5 15.
cxd5 Nd7 16. dxc6 Bxc6 17. Nc2 Qa7 18. Nd4 Bb7 19. Nf5 Bf8 20. Bc4 Ne5 21. Bd5
Rac8 22. Qb3 Bxd5 23. Qxd5 Qb8 24. f4 Ng4 25. Bd4 Rxc1 26. Rxc1 Rc8 27. Rc3
Rxc3 28. Bxc3 Qc7 29. h3 Nf6 30. Qa8 h6 31. Kh2 d5 32. Be5 Qd7 33. Bxf6 gxf6
34. Nxh6+ Kg7 35. Nf5+ Kg8 36. Qxd5 Qc7 37. Qd2 Bc5 38. h4 Kh7 39. Kh3 Bf8 40.
Qc3 Qxf4 41. Qxf6 Qc7 42. b3 Qd7 43. Qxb6 Qd1 44. Qf2 Qh1+ 45. Kg4 Bb4 46. Ng3
Qd1+ 47. Qf3 Qd6 48. Qxf7+ Kh8 49. Qe8+ Kh7 50. Qh5+ 1-0

[Event "DVM U20 2010"]
[Site "Osnabrück GER"]
[Date "2010.12.29"]
[Round "6"]
[White "Bradler, Stephan"]
[Black "Doberitz, Paul"]
[Result "1/2-1/2"]
[Termination "normal"]
[Board "1.3"]
[WhiteElo "2051"]
[BlackElo "2221"]
[WhiteTeam "SVG Salzgitter"]
[BlackTeam "SC Leipzig-Gohlis"]
[PlyCount "62"]
[WhiteFideId "24629367"]
[BlackFideId "24646130"]
[EventCountry "GER"]
[EventRounds "7"]
[EventType "team-swiss"]
[EventDate "2010.12.26"]

1. e4 c5 2. Nf3 d6 3. d4 cxd4 4. Nxd4 Nf6 5. Nc3 g6 6. Be3 Bg7 7. f3 O-O 8. Qd2
Nc6 9. Bc4 Bd7 10. O-O-O Rc8 11. Bb3 Nxd4 12. Bxd4 b5 13. Nd5 Nxd5 14. Bxg7
Kxg7 15. exd5 a5 16. a3 Qb6 17. Qd4+ Qxd4 18. Rxd4 Rc5 19. Re1 Re8 20. Kd2 Bc8
21. c3 a4 22. Ba2 Bb7 23. Ke3 f6 24. h4 h5 25. Kf4 Kf7 26. g4 hxg4 27. fxg4 Rh8
28. Kg3 Rh6 29. Rde4 Rc7 30. R4e2 Rh8 31. Re3 Kf8 1/2-1/2

[Event "DVM U20 2010"]
[Site "Osnabrück GER"]
[Date "2010.12.29"]
[Round "6"]
[White "Hentze, Markus"]
[Black "Kyas, Philipp"]
[Result "1/2-1/2"]
[Termination "normal"]
[Board "1.4"]
[WhiteElo "2048"]
[BlackElo "2035"]
[WhiteTeam "SC Leipzig-Gohlis"]
[BlackTeam "SVG Salzgitter"]
[PlyCount "172"]
[WhiteFideId "4670922"]
[BlackFideId "24670936"]
[EventCountry "GER"]
[EventRounds "7"]
[EventType "team-swiss"]
[EventDate "2010.12.26"]

1. e4 e5 2. Nf3 Nc6 3. Bb5 a6 4. Ba4 Nf6 5. O-O b5 6. Bb3 Be7 7. Re1 d6 8. c3
O-O 9. h3 Na5 10. Bc2 c5 11. d4 Nd7 12. Nbd2 exd4 13. cxd4 Nc6 14. Nf1 Nxd4 15.
Nxd4 cxd4 16. Qxd4 Ne5 17. Rd1 Nc4 18. Rb1 Be6 19. Bb3 Qc7 20. Ng3 Qc5 21. Bxc4
Qxd4 22. Rxd4 Bxc4 23. b3 Bf6 24. Rxd6 Be5 25. Rd1 Be6 26. f4 Bc7 27. Kf2 a5
28. Be3 a4 29. bxa4 Rxa4 30. Rxb5 Rxa2+ 31. Rd2 Rxd2+ 32. Bxd2 Rb8 33. Rxb8+
Bxb8 34. Kf3 g6 35. Be3 Bc7 36. Ne2 Bd7 37. Bc5 Ba5 38. Ke3 Bb5 39. Nd4 Bf1 40.
Kf2 Bd3 41. Kf3 Bd2 42. g3 Bc3 43. Nc6 f5 44. exf5 Bxf5 45. g4 Bc2 46. Ne7+ Kf7
47. Nd5 Bd2 48. Be3 Bb3 49. Nb6 Ba5 50. Nd7 Bd5+ 51. Kf2 Bc3 52. Nc5 Bc6 53.
Kg3 Be1+ 54. Bf2 Bb4 55. Nd3 Bd6 56. Be3 g5 57. h4 h6 58. Nf2 gxf4+ 59. Bxf4
Bxf4+ 60. Kxf4 Ba4 61. Ne4 Bc2 62. Nd6+ Kg6 63. h5+ Kh7 64. Nc4 Bd3 65. Ne3 Bb1
66. Ke5 Bd3 67. Kf6 Be2 68. Kf7 Bf3 69. Kf8 Kh8 70. Kf7 Kh7 71. Kf6 Be2 72. Kf5
Bd3+ 73. Ke5 Bb1 74. Kf6 Be4 75. Nc4 Bf3 76. Ne5 Be2 77. Kf7 Bd1 78. Nd7 Bb3+
79. Kf8 Be6 80. Ke7 Bb3 81. Kf6 Bd1 82. Ne5 Be2 83. Kf7 Bd1 84. Kf8 Bb3 85. Nd7
Be6 86. Ke7 Bb3 1/2-1/2

[Event "DVM U20 2010"]
[Site "Osnabrück GER"]
[Date "2010.12.29"]
[Round "6"]
[White "Langenfeld, Olaf"]
[Black "Heistermann, Till"]
[Result "1-0"]
[Termination "normal"]
[Board "1.5"]
[WhiteElo "2022"]
[BlackElo "1909"]
[WhiteTeam "SVG Salzgitter"]
[BlackTeam "SC Leipzig-Gohlis"]
[PlyCount "39"]
[WhiteFideId "24645826"]
[EventCountry "GER"]
[EventRounds "7"]
[EventType "team-swiss"]
[EventDate "2010.12.26"]

1. d4 Nf6 2. Nf3 g6 3. c4 Bg7 4. Nc3 O-O 5. Bg5 c5 6. d5 d6 7. e3 Na6 8. Be2
Nc7 9. O-O h6 10. Bh4 a6 11. a4 b6 12. Nd2 Bb7 13. e4 e6 14. f4 exd5 15. e5
dxe5 16. fxe5 g5 17. exf6 Bxf6 18. Bf2 d4 19. Nce4 Bg7 20. Bf3 1-0

[Event "DVM U20 2010"]
[Site "Osnabrück GER"]
[Date "2010.12.29"]
[Round "6"]
[White "Pantusenko, Valeria"]
[Black "Sauer, Norwin"]
[Result "0-1"]
[Termination "normal"]
[Board "1.6"]
[WhiteElo "1707"]
[BlackElo "2062"]
[WhiteTeam "SC Leipzig-Gohlis"]
[BlackTeam "SVG Salzgitter"]
[PlyCount "132"]
[WhiteFideId "4662920"]
[BlackFideId "24645966"]
[EventCountry "GER"]
[EventRounds "7"]
[EventType "team-swiss"]
[EventDate "2010.12.26"]

1. e4 c5 2. c3 Nc6 3. d4 e6 4. d5 exd5 5. exd5 Qe7+ 6. Be3 Ne5 7. c4 d6 8. h3
Bd7 9. Qd2 f5 10. f4 Ng6 11. g3 O-O-O 12. Rh2 Re8 13. Re2 Qd8 14. Nc3 Be7 15.
O-O-O Bf6 16. Nf3 Qa5 17. Kb1 Bxc3 18. Qxc3 Qxc3 19. bxc3 h6 20. Bf2 Nf6 21.
Nd2 Ne7 22. Rde1 Kd8 23. Bg2 Rhg8 24. Nb3 b6 25. Be3 Rgf8 26. Kc2 Neg8 27. Bd2
Rxe2 28. Rxe2 Re8 29. Kd3 Ne4 30. Re3 Ngf6 31. Be1 g5 32. Nd2 Nxd2 33. Rxe8+
Kxe8 34. Bxd2 g4 35. h4 Ba4 36. Be1 Kd8 37. Bd2 Bd1 38. Be1 Kc7 39. Kd2 Ba4 40.
Ke3 Bc2 41. Kd2 Bb1 42. a3 Kb7 43. Bf1 Ka6 44. Kc1 Be4 45. Kb2 Ka5 46. Kb3 Bf3
47. Bd3 Ne4 48. Bxe4 Bxe4 49. a4 Bf3 50. Bf2 Bd1+ 51. Ka3 Bxa4 52. Be3 Bd1 53.
Bd2 a6 54. Be3 Be2 55. Kb3 b5 56. cxb5 Kxb5 57. Bc1 Bd1+ 58. Ka3 Kc4 59. h5 Bf3
60. Bb2 Bxd5 61. Ka4 Bf7 62. Ka5 Kb3 63. Bc1 Kxc3 64. Kxa6 d5 65. Kb5 c4 66.
Kc5 d4 0-1

[Event "DVM U20 2010"]
[Site "Osnabrück GER"]
[Date "2010.12.29"]
[Round "6"]
[White "Mons, Leon"]
[Black "Schneider, David"]
[Result "1/2-1/2"]
[Termination "normal"]
[Board "2.1"]
[WhiteElo "2178"]
[BlackElo "2269"]
[WhiteTeam "SC Forchheim"]
[BlackTeam "FSV Großenseebach"]
[PlyCount "85"]
[WhiteFideId "4614950"]
[BlackFideId "4697111"]
[EventCountry "GER"]
[EventRounds "7"]
[EventType "team-swiss"]
[EventDate "2010.12.26"]

1. g3 d5 2. Bg2 Nf6 3. d3 c6 4. Nf3 Bg4 5. O-O Nbd7 6. Nbd2 e5 7. e4 Bd6 8. h3
Bh5 9. c3 O-O 10. Qc2 Re8 11. a3 a5 12. b3 Qc7 13. Bb2 Bf8 14. Rfe1 Bg6 15. Nh4
Rad8 16. Nxg6 hxg6 17. b4 axb4 18. axb4 Nb6 19. Red1 Rd7 20. Qb3 Red8 21. Nf1
dxe4 22. dxe4 Rxd1 23. Rxd1 Rxd1 24. Qxd1 Nc4 25. Bc1 Qd7 26. Qxd7 Nxd7 27. Ne3
Nxe3 28. Bxe3 Bd6 29. Bf1 Kf8 30. Bc4 Bc7 31. Kg2 Bb6 32. Bxb6 Nxb6 33. Bb3 Nd7
34. f4 Ke7 35. Kf3 Kf6 36. Kg4 Ke7 37. h4 Nf6+ 38. Kf3 Nd7 39. Ke3 f6 40. f5
Nf8 41. Kf3 gxf5 42. exf5 Nd7 43. g4 1/2-1/2

[Event "DVM U20 2010"]
[Site "Osnabrück GER"]
[Date "2010.12.29"]
[Round "6"]
[White "Linsenmeyer, Mario"]
[Black "Seyb, Alexander"]
[Result "1/2-1/2"]
[Termination "normal"]
[Board "2.2"]
[BlackTitle "FM"]
[WhiteElo "2108"]
[BlackElo "2294"]
[WhiteTeam "FSV Großenseebach"]
[BlackTeam "SC Forchheim"]
[PlyCount "24"]
[WhiteFideId "24635138"]
[BlackFideId "4699033"]
[EventCountry "GER"]
[EventRounds "7"]
[EventType "team-swiss"]
[EventDate "2010.12.26"]

1. d4 d5 2. c4 c6 3. cxd5 cxd5 4. Nc3 Nf6 5. Bf4 Nc6 6. e3 Bf5 7. Nf3 e6 8. Bd3
Bxd3 9. Qxd3 Bd6 10. Bxd6 Qxd6 11. O-O O-O 12. a3 Rfc8 1/2-1/2

[Event "DVM U20 2010"]
[Site "Osnabrück GER"]
[Date "2010.12.29"]
[Round "6"]
[White "Miller, Eduard"]
[Black "Quaschner, Tobias"]
[Result "1-0"]
[Termination "normal"]
[Board "2.3"]
[WhiteElo "2110"]
[BlackElo "1989"]
[WhiteTeam "SC Forchheim"]
[BlackTeam "FSV Großenseebach"]
[PlyCount "109"]
[WhiteFideId "24687022"]
[BlackFideId "24646989"]
[EventCountry "GER"]
[EventRounds "7"]
[EventType "team-swiss"]
[EventDate "2010.12.26"]

1. g3 g6 2. Bg2 Bg7 3. d3 d6 4. Nf3 Nf6 5. O-O O-O 6. c4 e5 7. Nc3 c6 8. Rb1 a5
9. a3 Re8 10. b4 axb4 11. axb4 e4 12. Nd2 exd3 13. exd3 Bf5 14. Nb3 Qd7 15. Be3
Bh3 16. Bd4 Bxg2 17. Kxg2 Na6 18. Na4 Qg4 19. Nb6 Rad8 20. f3 Qe6 21. Bf2 Qe2
22. Na5 Qxd1 23. Rfxd1 Re7 24. d4 d5 25. c5 Rde8 26. b5 Nb8 27. bxc6 Nxc6 28.
Nxc6 bxc6 29. Re1 Bh6 30. Rxe7 Rxe7 31. Nc8 Re2 32. Kf1 Rc2 33. Ne7+ Kg7 34.
Nxc6 Bd2 35. Ne5 Bc3 36. Rb7 Rxf2+ 37. Kxf2 Bxd4+ 38. Ke2 Bxe5 39. c6 h5 40. c7
Bxc7 41. Rxc7 Ne8 42. Rc6 g5 43. Ke3 f6 44. Kd4 Kg6 45. Kxd5 Ng7 46. Ra6 Nf5
47. Ke4 Nh6 48. Ra8 Nf5 49. Rg8+ Ng7 50. Kd5 Kf7 51. Rxg7+ Kxg7 52. Ke6 Kg6 53.
f4 h4 54. f5+ Kh5 55. Kxf6 1-0

[Event "DVM U20 2010"]
[Site "Osnabrück GER"]
[Date "2010.12.29"]
[Round "6"]
[White "Kirch, Florian"]
[Black "Stephan, Michael"]
[Result "1-0"]
[Termination "normal"]
[Board "2.4"]
[WhiteElo "2031"]
[BlackElo "1862"]
[WhiteTeam "FSV Großenseebach"]
[BlackTeam "SC Forchheim"]
[PlyCount "77"]
[WhiteFideId "24605794"]
[BlackFideId "24656852"]
[EventCountry "GER"]
[EventRounds "7"]
[EventType "team-swiss"]
[EventDate "2010.12.26"]

1. d4 Nf6 2. c4 g6 3. Nc3 Bg7 4. e4 d6 5. Nf3 O-O 6. Be2 Bg4 7. Be3 Nfd7 8. O-O
c5 9. d5 Na6 10. Ne1 Bxe2 11. Qxe2 Qa5 12. Rc1 Nc7 13. Bd2 Rab8 14. Nb5 Qb6 15.
Nxc7 Qxc7 16. Bc3 a6 17. a4 b5 18. axb5 axb5 19. Bxg7 Kxg7 20. b3 bxc4 21. bxc4
Rb3 22. Nd3 Ra8 23. Ra1 Qb7 24. Rxa8 Qxa8 25. e5 Nb6 26. exd6 exd6 27. Nf4 Qa4
28. Qe7 Kg8 29. Ne6 Qa8 30. Nd8 h5 31. Qxf7+ Kh8 32. Qf8+ Kh7 33. Qf7+ Kh8 34.
Qf6+ Kh7 35. Re1 Nc8 36. Qf7+ Kh6 37. Qf8+ Kh7 38. Ne6 Qa1 39. Ng5# 1-0

[Event "DVM U20 2010"]
[Site "Osnabrück GER"]
[Date "2010.12.29"]
[Round "6"]
[White "Neth, Tobias"]
[Black "Quaschner, Manuel"]
[Result "1-0"]
[Termination "normal"]
[Board "2.5"]
[WhiteElo "1941"]
[BlackElo "1867"]
[WhiteTeam "SC Forchheim"]
[BlackTeam "FSV Großenseebach"]
[PlyCount "87"]
[WhiteFideId "24643432"]
[BlackFideId "24690139"]
[EventCountry "GER"]
[EventRounds "7"]
[EventType "team-swiss"]
[EventDate "2010.12.26"]

1. e4 c5 2. Nc3 Nc6 3. Bc4 g6 4. d3 Bg7 5. Nge2 d6 6. O-O e6 7. a4 Nge7 8. Ng3
O-O 9. f4 d5 10. Ba2 dxe4 11. dxe4 b6 12. Nce2 Bb7 13. c3 Qxd1 14. Rxd1 Rad8
15. Be3 Nc8 16. f5 exf5 17. exf5 N8e7 18. fxg6 Nxg6 19. Bg5 Rxd1+ 20. Rxd1 Nce5
21. Nf5 Be4 22. Neg3 Bd3 23. h4 h6 24. Nxh6+ Bxh6 25. Bxh6 Rc8 26. Re1 Re8 27.
Re3 Rd8 28. Bg5 Ng4 29. Rf3 Rd7 30. Bxf7+ Rxf7 31. Rxd3 N6e5 32. Rd2 Nc6 33.
Re2 Nge5 34. Ne4 c4 35. Kh2 Kg7 36. Kh3 Rd7 37. Bf6+ Kg6 38. Bxe5 Nxe5 39. Nd2
Rd3+ 40. g3 Kf5 41. Kg2 Kg4 42. Re4+ Kf5 43. Rf4+ Kg6 44. Nxc4 1-0

[Event "DVM U20 2010"]
[Site "Osnabrück GER"]
[Date "2010.12.29"]
[Round "6"]
[White "Knickel, Aaron"]
[Black "Tkachuk, Konstantyn"]
[Result "1-0"]
[Termination "normal"]
[Board "3.1"]
[WhiteElo "2161"]
[BlackElo "2174"]
[WhiteTeam "SF Neuberg"]
[BlackTeam "SG Bochum 1931"]
[PlyCount "57"]
[WhiteFideId "24605298"]
[BlackFideId "24647330"]
[EventCountry "GER"]
[EventRounds "7"]
[EventType "team-swiss"]
[EventDate "2010.12.26"]

1. c4 g6 2. g3 Bg7 3. Bg2 d6 4. d3 e5 5. Nc3 f5 6. e4 Nf6 7. Nge2 O-O 8. O-O c5
9. f4 Nc6 10. Nd5 Nxd5 11. cxd5 Nd4 12. Nxd4 cxd4 13. Qb3 b6 14. Bd2 a5 15.
Rac1 Bd7 16. fxe5 Bxe5 17. Bh3 Rc8 18. exf5 gxf5 19. Rxc8 Bxc8 20. Qd1 Qe8 21.
Qf3 Qg6 22. Rc1 Ba6 23. Kh1 Kh8 24. Bf4 Rc8 25. Rc6 Bxf4 26. Qxf4 Rxc6 27. dxc6
Bc8 28. Qxd4+ Qg7 29. Qxd6 1-0

[Event "DVM U20 2010"]
[Site "Osnabrück GER"]
[Date "2010.12.29"]
[Round "6"]
[White "Mazarov, Jürgen"]
[Black "Seifert, Christopher"]
[Result "1/2-1/2"]
[Termination "normal"]
[Board "3.2"]
[WhiteElo "2141"]
[BlackElo "2217"]
[WhiteTeam "SG Bochum 1931"]
[BlackTeam "SF Neuberg"]
[PlyCount "27"]
[WhiteFideId "24617768"]
[BlackFideId "24615293"]
[EventCountry "GER"]
[EventRounds "7"]
[EventType "team-swiss"]
[EventDate "2010.12.26"]

1. e4 c5 2. Nf3 Nc6 3. d4 cxd4 4. Nxd4 Nf6 5. Nc3 e6 6. Nxc6 bxc6 7. Bd3 d5 8.
O-O Rb8 9. Kh1 Be7 10. Qe2 Qc7 11. b3 O-O 12. Bb2 c5 13. Nb5 Qd7 14. e5 1/2-1/2

[Event "DVM U20 2010"]
[Site "Osnabrück GER"]
[Date "2010.12.29"]
[Round "6"]
[White "Hummel, Dennis"]
[Black "Kelbling, Philipp"]
[Result "0-1"]
[Termination "normal"]
[Board "3.3"]
[WhiteElo "2020"]
[BlackElo "2132"]
[WhiteTeam "SF Neuberg"]
[BlackTeam "SG Bochum 1931"]
[PlyCount "72"]
[WhiteFideId "4638336"]
[BlackFideId "24669750"]
[EventCountry "GER"]
[EventRounds "7"]
[EventType "team-swiss"]
[EventDate "2010.12.26"]

1. e4 c5 2. g3 Nc6 3. Bg2 g6 4. f4 Bg7 5. Nf3 d6 6. d3 e6 7. O-O Nge7 8. Nc3
O-O 9. Be3 Nd4 10. e5 Nef5 11. Bf2 Nxf3+ 12. Bxf3 dxe5 13. Bxc5 exf4 14. Bxf8
Kxf8 15. Qd2 fxg3 16. hxg3 Nxg3 17. Rfe1 Nf5 18. Rab1 Qh4 19. Ne4 Bd4+ 20. Kg2
Qe7 21. Kh1 Bd7 22. c3 Bg7 23. b4 Nh4 24. Be2 h6 25. b5 Rd8 26. Qe3 b6 27. d4
Bc8 28. Ng3 Bb7+ 29. Kg1 Ng2 30. Qf2 Nxe1 31. Rxe1 Kg8 32. Rf1 Rd7 33. Bc4 Bd5
34. Bd3 Rc7 35. Qd2 Qh4 36. Qf2 f5 0-1

[Event "DVM U20 2010"]
[Site "Osnabrück GER"]
[Date "2010.12.29"]
[Round "6"]
[White "Pilat, Fabian"]
[Black "Iwanziw, Niklas"]
[Result "1/2-1/2"]
[Termination "normal"]
[Board "3.4"]
[WhiteElo "1959"]
[BlackElo "1950"]
[WhiteTeam "SG Bochum 1931"]
[BlackTeam "SF Neuberg"]
[PlyCount "100"]
[WhiteFideId "24683396"]
[BlackFideId "24647101"]
[EventCountry "GER"]
[EventRounds "7"]
[EventType "team-swiss"]
[EventDate "2010.12.26"]

1. d4 d5 2. Nf3 Nf6 3. e3 Bf5 4. c4 c6 5. cxd5 cxd5 6. Qb3 Qc7 7. Bd2 a6 8. Nc3
e6 9. Rc1 Nc6 10. Be2 Bd6 11. O-O O-O 12. h3 h6 13. a3 Rac8 14. Na4 Ne4 15. Nc3
Qe7 16. Rfd1 b5 17. Nxe4 Bxe4 18. Be1 Rc7 19. Nd2 Bg6 20. a4 Na5 21. Rxc7 Qxc7
22. Qa2 b4 23. Bxa6 Qc2 24. Qa1 Nb3 25. Nxb3 Qxb3 26. Rc1 Bc2 27. a5 Ra8 28.
Bb7 Ra7 29. a6 Kh7 30. Bd2 e5 31. Bxd5 Qxd5 32. Rxc2 exd4 33. exd4 Qb5 34. Qb1
g6 35. Qe1 Rxa6 36. Rc1 Ra2 37. Qe3 Qh5 38. Qb3 Ra7 39. Be3 Rb7 40. Qd3 Qd5 41.
Bd2 Ra7 42. Qe3 Qh5 43. Qe4 Re7 44. Qc6 Re6 45. Qc4 Qa5 46. d5 Re8 47. Qc6 Rd8
48. Be3 Qa8 49. Qb5 Qa2 50. Qb6 Qxd5 1/2-1/2

[Event "DVM U20 2010"]
[Site "Osnabrück GER"]
[Date "2010.12.29"]
[Round "6"]
[White "Bluhm, Achim"]
[Black "Butschek, Marc"]
[Result "1/2-1/2"]
[Termination "normal"]
[Board "3.5"]
[WhiteElo "1955"]
[BlackElo "1863"]
[WhiteTeam "SF Neuberg"]
[BlackTeam "SG Bochum 1931"]
[PlyCount "101"]
[WhiteFideId "1270565"]
[BlackFideId "4630904"]
[EventCountry "GER"]
[EventRounds "7"]
[EventType "team-swiss"]
[EventDate "2010.12.26"]

1. d4 f5 2. Bg5 Nf6 3. Bxf6 exf6 4. e3 d5 5. c4 Bb4+ 6. Nc3 Be6 7. Qb3 Nc6 8.
Nh3 g5 9. a3 Bxc3+ 10. bxc3 Na5 11. Qa4+ c6 12. cxd5 Qxd5 13. f3 O-O 14. Nf2
Rfe8 15. Bd3 Nb3 16. c4 Qa5+ 17. Qxa5 Nxa5 18. Rc1 f4 19. Ne4 Kg7 20. exf4 f5
21. Nd6 Bxc4+ 22. Nxe8+ Rxe8+ 23. Kf2 Bxd3 24. fxg5 Re2+ 25. Kg3 Nb3 26. Rc3
Bc2 27. d5 cxd5 28. Rc7+ Kg6 29. h4 h5 30. gxh6 Kxh6 31. Kf4 Nd4 32. Rxb7 Rxg2
33. Rxa7 Re2 34. Rg1 Ne6+ 35. Kg3 d4 36. Rd7 Kg6 37. Rg2 d3 38. Rxe2 dxe2 39.
Kf2 Nf4 40. Rd4 Ne6 41. Rd6 Bb3 42. Kxe2 Kh5 43. a4 Kxh4 44. a5 Kg3 45. a6 Bc4+
46. Ke3 f4+ 47. Ke4 Bxa6 48. Rxe6 Bb7+ 49. Kd3 Bxf3 50. Rf6 Bg2 51. Rxf4
1/2-1/2

[Event "DVM U20 2010"]
[Site "Osnabrück GER"]
[Date "2010.12.29"]
[Round "6"]
[White "Budszuhn, Timo"]
[Black "Bluhm, Sonja Maria"]
[Result "1-0"]
[Termination "normal"]
[Board "3.6"]
[WhiteElo "1946"]
[BlackElo "1818"]
[WhiteTeam "SG Bochum 1931"]
[BlackTeam "SF Neuberg"]
[PlyCount "71"]
[WhiteFideId "1270607"]
[BlackFideId "24654027"]
[EventCountry "GER"]
[EventRounds "7"]
[EventType "team-swiss"]
[EventDate "2010.12.26"]

1. e4 e5 2. Nf3 Nc6 3. d4 exd4 4. Nxd4 Bc5 5. Be3 Qf6 6. c3 b6 7. Bc4 Nge7 8.
O-O Bb7 9. Nb5 Rc8 10. b4 Bxb4 11. cxb4 Qxa1 12. Nxa7 Rd8 13. Nxc6 dxc6 14.
Bxf7+ Kxf7 15. Qb3+ Kf8 16. Nc3 Qxf1+ 17. Kxf1 Ba6+ 18. Ke1 Bd3 19. Bf4 Rc8 20.
Qe6 h6 21. Qd7 Bc4 22. Bxc7 Kf7 23. Bxb6 Be6 24. Qd6 Rhf8 25. a4 Bc4 26. Qd4
Ba6 27. Qd7 Rb8 28. a5 Rfe8 29. Na4 Bc8 30. Qd6 Ra8 31. Nc5 Kg8 32. Bd8 Kf7 33.
f3 h5 34. Bxe7 Rxe7 35. Qxc6 Rb8 36. b5 1-0

[Event "DVM U20 2010"]
[Site "Osnabrück GER"]
[Date "2010.12.29"]
[Round "6"]
[White "Borgmeyer, Max"]
[Black "Savchenko, Aleksij"]
[Result "1-0"]
[Termination "normal"]
[Board "4.1"]
[WhiteElo "2170"]
[BlackElo "2267"]
[WhiteTeam "Koenigsspringer SC 1984"]
[BlackTeam "SG Porz"]
[PlyCount "71"]
[WhiteFideId "24615870"]
[BlackFideId "24611727"]
[EventCountry "GER"]
[EventRounds "7"]
[EventType "team-swiss"]
[EventDate "2010.12.26"]

1. e4 c5 2. Nf3 d6 3. d4 cxd4 4. Nxd4 Nf6 5. Nc3 e6 6. Be2 a6 7. Be3 Nbd7 8.
O-O Qc7 9. f3 Be7 10. Qe1 O-O 11. Rd1 b5 12. a4 bxa4 13. Nxa4 d5 14. Nc3 Bb4
15. Ncb5 axb5 16. Qxb4 Ra4 17. Qxb5 Ra5 18. Qb4 dxe4 19. Nb5 Qxc2 20. Qxa5 Qxe2
21. Bf2 Qxb2 22. fxe4 Nxe4 23. Nd6 Nxd6 24. Rxd6 Qe5 25. Qd2 Nf6 26. Rd8 Nd5
27. Rxf8+ Kxf8 28. Qa5 Ke8 29. Rc1 Bd7 30. Qa8+ Ke7 31. Bc5+ Kf6 32. Qd8+ Kg6
33. Qxd7 Nf4 34. Kh1 Qe2 35. Rg1 Nd3 36. Qd6 1-0

[Event "DVM U20 2010"]
[Site "Osnabrück GER"]
[Date "2010.12.29"]
[Round "6"]
[White "Czybik, Nils Patrick"]
[Black "Lock, Adrian"]
[Result "1-0"]
[Termination "normal"]
[Board "4.2"]
[WhiteElo "2103"]
[BlackElo "2022"]
[WhiteTeam "SG Porz"]
[BlackTeam "Koenigsspringer SC 1984"]
[PlyCount "61"]
[WhiteFideId "24632040"]
[BlackFideId "24651290"]
[EventCountry "GER"]
[EventRounds "7"]
[EventType "team-swiss"]
[EventDate "2010.12.26"]

1. Nf3 d5 2. c4 e6 3. g3 dxc4 4. Bg2 Nd7 5. Qc2 c5 6. Na3 a6 7. Nxc4 b5 8. Nce5
Bb7 9. Nxd7 Qxd7 10. a4 Nf6 11. axb5 axb5 12. Rxa8+ Bxa8 13. d3 Be7 14. O-O Nd5
15. Bd2 Qa7 16. e4 Nf6 17. b4 O-O 18. Be3 Nd7 19. Rc1 Rc8 20. bxc5 Bc6 21. d4
Qa3 22. Nd2 b4 23. Nc4 Qa6 24. Bf1 Qa8 25. f3 f5 26. exf5 Bxf3 27. fxe6 Nf6 28.
Nb6 Qa3 29. Qd3 Qxd3 30. Bxd3 Rd8 31. c6 1-0

[Event "DVM U20 2010"]
[Site "Osnabrück GER"]
[Date "2010.12.29"]
[Round "6"]
[White "Maiorov, Daniel"]
[Black "Paulus, Jeffrey"]
[Result "0-1"]
[Termination "normal"]
[Board "4.3"]
[WhiteElo "1980"]
[BlackElo "1958"]
[WhiteTeam "Koenigsspringer SC 1984"]
[BlackTeam "SG Porz"]
[PlyCount "84"]
[WhiteFideId "24646920"]
[BlackFideId "24692468"]
[EventCountry "GER"]
[EventRounds "7"]
[EventType "team-swiss"]
[EventDate "2010.12.26"]

1. e4 c5 2. Nf3 e6 3. d4 cxd4 4. Nxd4 Ne7 5. c4 a6 6. Nc3 Nbc6 7. Nc2 d6 8. Bf4
Ng6 9. Bg3 Be7 10. Qd2 O-O 11. Rd1 e5 12. Bd3 Bg5 13. Qe2 Be6 14. h4 Bh6 15. a3
Rc8 16. Nd5 Re8 17. h5 Nf4 18. Bxf4 exf4 19. Ndb4 Qa5 20. Kf1 Qc5 21. b3 Ne5
22. f3 a5 23. Na2 b5 24. b4 Qa7 25. c5 Nxd3 26. Nc3 Bc4 27. Rxd3 dxc5 28. Ke1
axb4 29. axb4 cxb4 30. Nxb4 Bxd3 31. Qxd3 Qa1+ 32. Nd1 Qa5 33. Qd2 Rc4 34. Nd5
Qa1 35. Ne7+ Kf8 36. Nf5 Bg5 37. h6 Rd8 38. hxg7+ Kg8 39. Qe2 Rc1 40. Rxh7
Rcxd1+ 41. Kf2 Kxh7 42. Qxb5 R8d2+ 0-1

[Event "DVM U20 2010"]
[Site "Osnabrück GER"]
[Date "2010.12.29"]
[Round "6"]
[White "Kremser, Michael"]
[Black "Raider, Eugen"]
[Result "1-0"]
[Termination "normal"]
[Board "4.4"]
[WhiteElo "1947"]
[BlackElo "1905"]
[WhiteTeam "SG Porz"]
[BlackTeam "Koenigsspringer SC 1984"]
[PlyCount "88"]
[WhiteFideId "1270131"]
[BlackFideId "24657352"]
[EventCountry "GER"]
[EventRounds "7"]
[EventType "team-swiss"]
[EventDate "2010.12.26"]

1. d4 Nf6 2. c4 c5 3. d5 b5 4. cxb5 a6 5. bxa6 g6 6. Nc3 Bxa6 7. g3 d6 8. Bg2
Nbd7 9. Nf3 Bg7 10. O-O Ng4 11. a4 O-O 12. Re1 Qc7 13. Qc2 Rfb8 14. h3 Nge5 15.
Nd2 Nc4 16. b3 Na5 17. Rb1 Ra7 18. Na2 Rab7 19. b4 cxb4 20. Qxc7 Rxc7 21. Nxb4
Rxb4 22. Rxb4 Bc3 23. Re4 Nc4 24. Rd1 Nf6 25. Rf4 g5 26. Rf5 h6 27. Ne4 Nxe4
28. Bxe4 Bc8 29. Rf3 Ne5 30. Re3 Bxh3 31. Bd2 Bxd2 32. Rxd2 Ng4 33. Red3 Ne5
34. Rd4 Bd7 35. Kg2 f5 36. Bb1 Rc1 37. Rb2 Re1 38. a5 e6 39. dxe6 Bxe6 40. a6
Bd7 41. Ba2+ Kg7 42. Rxd6 Bc6+ 43. Bd5 Bxd5+ 44. Rxd5 Nc6 1-0